书目信息 |
| 题名: |
新款轿车传感器检测速查手册
|
|
| 作者: | 夏雪松 主编 | |
| 分册: | ||
| 出版信息: | 北京 化学工业出版社 2017.1 |
|
| 页数: | 330页 | |
| 开本: | 26cm | |
| 丛书名: | ||
| 单 册: | ||
| 中图分类: | U463.607-62 | |
| 科图分类: | ||
| 主题词: | 轿车--传感器--故障检测--技术手册 | |
| 电子资源: | ||
| ISBN: | 978-7-122-28167-8 | |
| 000 | 00936nam0 2200229 450 | |
| 001 | 0400003930 | |
| 005 | 20171022200140.0 | |
| 010 | @a978-7-122-28167-8@dCNY78.00 | |
| 100 | @a20170215d2017 em y0chiy50 ea | |
| 101 | 0 | @achi |
| 102 | @aCN@b110000 | |
| 105 | @aa z 000yy | |
| 106 | @ar | |
| 200 | 1 | @a新款轿车传感器检测速查手册@9xin kuan jiao che chuan gan qi jian ce su cha shou ce@f夏雪松主编 |
| 210 | @a北京@c化学工业出版社@d2017.1 | |
| 215 | @a330页@c图@d26cm | |
| 330 | @a本书精选14大车系近60款畅销车型的传感器,集合了检测方法与检修数据,按车型年款编排章节,方便维修人员查阅。本书的编写素材均直接取材于新款轿车的原厂资料,内容全面,车型新,数据准确,是维修工作中参考价值很高的维修信息,也是维修工在维修时依赖性很强的实用资料。 | |
| 606 | 0 | @a轿车@x传感器@x故障检测@j技术手册 |
| 690 | @aU463.607-62@v5 | |
| 701 | 0 | @a夏雪松@9xia xue song@4主编 |
| 801 | 0 | @aCN@b91MARC@c20171022 |
| 905 | @b1036586-90@dU463.607-62@f5@e646 | |
| 新款轿车传感器检测速查手册/夏雪松主编.-北京:化学工业出版社,2017.1 |
| 330页:图;26cm |
| ISBN 978-7-122-28167-8:CNY78.00 |
| 本书精选14大车系近60款畅销车型的传感器,集合了检测方法与检修数据,按车型年款编排章节,方便维修人员查阅。本书的编写素材均直接取材于新款轿车的原厂资料,内容全面,车型新,数据准确,是维修工作中参考价值很高的维修信息,也是维修工在维修时依赖性很强的实用资料。 |
| ● |
| 相关链接 |
|
|
|
|
正题名:新款轿车传感器检测速查手册
索取号:U463.607-62/646
 
预约/预借
| 序号 | 登录号 | 条形码 | 馆藏地/架位号 | 状态 | 备注 |
| 1 | 1036586 | 210365861 | 第二样本阅览室/ [索取号:U463.607-62/646] | 在馆 | |
| 2 | 1036587 | 210365870 | 第三借阅区/ [索取号:U463.607-62/646] | 在馆 | |
| 3 | 1036588 | 210365889 | 第三借阅区/ [索取号:U463.607-62/646] | 在馆 | |
| 4 | 1036589 | 210365898 | 第三借阅区/ [索取号:U463.607-62/646] | 在馆 | |
| 5 | 1036590 | 210365905 | 密集书库-生命科学系/ [索取号:U463.607-62/646] | 在馆 |